[Event "Belgrade-chT Quality"]
[Site "Belgrade"]
[Date "2016.10.16"]
[Round "6.6"]
[White "Ugrcic, Zoran"]
[Black "Vujadinovic, Milan"]
[Result "1-0"]
[WhiteElo "2028"]
[BlackElo "2128"]
[PlyCount "109"]
[EventDate "2016.10.01"]
[EventType "team-tourn"]
[EventRounds "11"]
[EventCountry "SRB"]
[SourceTitle "EXT 2018"]
[Source "ChessBase"]
[SourceDate "2017.10.13"]
[SourceVersion "1"]
[SourceVersionDate "2017.10.13"]
[SourceQuality "1"]

1. Nf3 c5 2. b3 Nc6 3. Bb2 d6 4. e3 Nf6 5. Bb5 Bd7 6. 0-0 g6 7. d4 cxd4 8. Nxd4 Nxd4 9. Bxd7+ Qxd7 10. Qxd4 Bg7 11. c4 0-0 12. Nc3 Ng4 13. Qd5 Rfc8 14. Rfd1 Qf5 15. Qd2 Nf6 16. e4 Qa5 17. Qe2 a6 18. Nd5 Nxd5 19. Rxd5 Qb4 20. Bxg7 Kxg7 21. e5 dxe5 22. Qxe5+ f6 23. Qe3 Qa3 24. Rd7 Re8 25. Rxb7 Qd6 26. Re1 Kf7 27. c5 Qe5 28. Qxe5 fxe5 29. Rxe5 Rad8 30. f4 Rd2 31. a4 Rc2 32. b4 h6 33. b5 axb5 34. axb5 Kf6 35. Rb6+ Kf7 36. Rbe6 Rd8 37. Rxe7+ Kf8 38. Re2 Rxc5 39. b6 Rb5 40. Rh7 Kg8 41. Rxh6 Kg7 42. Rh3 Rxb6 43. Rhe3 Rf8 44. g3 Rc8 45. h4 Rc1+ 46. Kg2 Rbb1 47. Kf3 Rf1+ 48. Kg4 Rb4 49. h5 gxh5+ 50. Kxh5 Ra4 51. Rh2 Ra5+ 52. Kg4 Ra6 53. Rb3 Rg1 54. Rb7+ Kf6 55. Rh6# 1-0

[Event "CP-2016-P-00032"]
[Site "LSS email"]
[Date "2016.09.27"]
[Round "?"]
[White "Vujadinovic, Milan"]
[Black "Corbacho, Jose Luis"]
[Result "0-1"]
[WhiteElo "1954"]
[BlackElo "1671"]
[PlyCount "54"]
[EventDate "2016.10.01"]
[EventType "tourn (corr)"]
[EventRounds "6"]
[EventCountry "GER"]
[SourceTitle "Corr 2022"]
[Source "ChessBase"]
[SourceDate "2021.10.24"]
[SourceVersion "1"]
[SourceVersionDate "2021.10.24"]
[SourceQuality "1"]

1. c4 f5 2. g3 Nf6 3. Bg2 g6 4. Nc3 d6 5. d3 Bg7 6. e4 Nc6 7. Nge2 0-0 8. 0-0 e5 9. Nd5 Ne7 10. Nxf6+ Bxf6 11. Bh6 Rf7 12. Qd2 fxe4 13. dxe4 Be6 14. b3 Bg7 15. Be3 b6 16. Rad1 Qd7 17. c5 bxc5 18. Bxc5 a5 19. Be3 Nc6 20. Rc1 Raf8 21. Rfe1 Nd4 22. Nxd4 exd4 23. Bxd4 Bxd4 24. Qxd4 c5 25. Qd2 Rxf2 26. Qxf2 Rxf2 27. Kxf2 a4 0-1

[Event "CP-2016-P-00032"]
[Site "LSS email"]
[Date "2016.09.27"]
[Round "?"]
[White "Vujadinovic, Milan"]
[Black "Iacobitz, Lucian Valentin"]
[Result "0-1"]
[WhiteElo "1954"]
[BlackElo "1880"]
[PlyCount "40"]
[EventDate "2016.10.01"]
[EventType "tourn (corr)"]
[EventRounds "6"]
[EventCountry "GER"]
[SourceTitle "Corr 2022"]
[Source "ChessBase"]
[SourceDate "2021.10.24"]
[SourceVersion "1"]
[SourceVersionDate "2021.10.24"]
[SourceQuality "1"]

1. Nf3 Nf6 2. g3 d5 3. b3 c5 4. Bg2 Nc6 5. 0-0 e5 6. Bb2 Bd6 7. c4 d4 8. e3 0-0 9. exd4 exd4 10. d3 Re8 11. Re1 Rxe1+ 12. Qxe1 Bf5 13. Qf1 Nb4 14. Ne1 Qb6 15. Nd2 Re8 16. a3 Rxe1 17. Qxe1 Nxd3 18. Qb1 Ng4 19. Be4 Bxe4 20. Nxe4 Nge5 0-1

[Event "Belgrade Cup 16th"]
[Site "Belgrade"]
[Date "2016.05.12"]
[Round "4.4"]
[White "Kostic, Milutin B"]
[Black "Vujadinovic, Milan"]
[Result "1/2-1/2"]
[WhiteElo "2184"]
[BlackElo "2129"]
[PlyCount "68"]
[EventDate "2016.05.09"]
[EventType "team-swiss"]
[EventRounds "5"]
[EventCountry "SRB"]
[SourceTitle "CBM 172 Extra"]
[Source "ChessBase"]
[SourceDate "2016.06.21"]
[SourceVersion "1"]
[SourceVersionDate "2016.06.21"]
[SourceQuality "1"]
[WhiteTeam "Romanticari"]
[BlackTeam "PTT"]
[WhiteTeamCountry "SRB"]
[BlackTeamCountry "SRB"]

1. d4 f5 2. Nf3 Nf6 3. g3 e6 4. Bg2 d5 5. 0-0 c6 6. c4 Bd6 7. Nbd2 Nbd7 8. Qc2 Ne4 9. b3 0-0 10. Bb2 Qe7 11. e3 g5 12. Ne5 Nxd2 13. Qxd2 Nxe5 14. dxe5 Bb4 15. Bc3 a5 16. a3 Bxc3 17. Qxc3 Bd7 18. b4 axb4 19. axb4 b5 20. c5 f4 21. Qd4 Qf7 22. Rxa8 Rxa8 23. Ra1 Rxa1+ 24. Qxa1 fxe3 25. fxe3 Qf5 26. Qa8+ Kf7 27. Qd8 Be8 28. Qc7+ Kf8 29. Qd6+ Kg8 30. h3 h5 31. Qd8 Kf8 32. Qd6+ Kg8 33. Qd8 Kf8 34. Qd6+ Kg8 1/2-1/2

[Event "Belgrade Cup 16th"]
[Site "Belgrade"]
[Date "2016.05.11"]
[Round "3.4"]
[White "Vujadinovic, Milan"]
[Black "Budimir, Dragan"]
[Result "1/2-1/2"]
[WhiteElo "2129"]
[BlackElo "2172"]
[PlyCount "30"]
[EventDate "2016.05.09"]
[EventType "team-swiss"]
[EventRounds "5"]
[EventCountry "SRB"]
[SourceTitle "CBM 172 Extra"]
[Source "ChessBase"]
[SourceDate "2016.06.21"]
[SourceVersion "1"]
[SourceVersionDate "2016.06.21"]
[SourceQuality "1"]
[WhiteTeam "PTT"]
[BlackTeam "Belgrade Radnicki"]
[WhiteTeamCountry "SRB"]
[BlackTeamCountry "SRB"]

1. c4 Nf6 2. Nc3 Nc6 3. g3 d6 4. Bg2 g6 5. d3 Bg7 6. e4 0-0 7. Nge2 e5 8. 0-0 Ne8 9. Be3 Be6 10. Rb1 Qd7 11. Qd2 Bh3 12. Nd5 Bxg2 13. Kxg2 Ne7 14. Bh6 c6 15. Bxg7 Kxg7 1/2-1/2

[Event "BI-2016-F-0000"]
[Site "LSS email"]
[Date "2016.02.14"]
[Round "?"]
[White "Malmstrom, Jan"]
[Black "Vujadinovic, Milan"]
[Result "1/2-1/2"]
[WhiteElo "1857"]
[BlackElo "1961"]
[PlyCount "38"]
[EventDate "2016.02.20"]
[EventType "tourn (corr)"]
[EventRounds "10"]
[EventCountry "GER"]
[SourceTitle "Corr 2022"]
[Source "ChessBase"]
[SourceDate "2021.10.24"]
[SourceVersion "1"]
[SourceVersionDate "2021.10.24"]
[SourceQuality "1"]

1. d4 e6 2. e4 d5 3. Nc3 Bb4 4. a3 Bxc3+ 5. bxc3 dxe4 6. Qg4 Nf6 7. Qxg7 Rg8 8. Qh6 Rg6 9. Qe3 Nc6 10. Ne2 Qd6 11. Ng3 e5 12. Nxe4 Nxe4 13. Qxe4 Be6 14. Be3 0-0-0 15. dxe5 Nxe5 16. Qd4 Qc6 17. Qxe5 Rd5 18. Qh8+ Rd8 19. Qe5 Rd5 1/2-1/2

[Event "BI-2016-F-0000"]
[Site "LSS email"]
[Date "2016.02.14"]
[Round "?"]
[White "Miquel, Indalecio"]
[Black "Vujadinovic, Milan"]
[Result "0-1"]
[WhiteElo "1449"]
[BlackElo "1961"]
[PlyCount "96"]
[EventDate "2016.02.20"]
[EventType "tourn (corr)"]
[EventRounds "10"]
[EventCountry "GER"]
[SourceTitle "Corr 2022"]
[Source "ChessBase"]
[SourceDate "2021.10.24"]
[SourceVersion "1"]
[SourceVersionDate "2021.10.24"]
[SourceQuality "1"]

1. d4 Nf6 2. c4 e6 3. Nc3 Bb4 4. e3 0-0 5. Bd3 c5 6. Nge2 d5 7. cxd5 cxd4 8. exd4 Nxd5 9. 0-0 Nc6 10. Bc2 Re8 11. Qd3 g6 12. a3 Bf8 13. Ne4 Bg7 14. Rd1 Nce7 15. Bg5 Qb6 16. Ba4 Rd8 17. N4c3 Bf6 18. Bxf6 Nxf6 19. b4 Bd7 20. Rac1 a5 21. Bxd7 Rxd7 22. Na4 Qd8 23. Nc5 Rc7 24. Qf3 Ned5 25. b5 b6 26. Nd3 Rac8 27. Ne5 Rxc1 28. Rxc1 Rxc1+ 29. Nxc1 Qc7 30. Nc6 Qf4 31. Qxf4 Nxf4 32. f3 N4d5 33. Ne2 Ne8 34. a4 Nd6 35. Kf2 Kf8 36. g3 g5 37. h3 h5 38. Ne5 f6 39. Nc6 Ke8 40. Ke1 h4 41. gxh4 gxh4 42. Kf2 Nf7 43. f4 Nd6 44. Kf3 Nc4 45. Ke4 Kd7 46. Kd3 Nd6 47. Nb8+ Kc8 48. Nc6 Kc7 0-1

[Event "BI-2016-F-0000"]
[Site "LSS email"]
[Date "2016.02.14"]
[Round "?"]
[White "Vujadinovic, Milan"]
[Black "Gorra, Gorban Grigorii"]
[Result "0-1"]
[WhiteElo "1961"]
[BlackElo "1918"]
[PlyCount "72"]
[EventDate "2016.02.20"]
[EventType "tourn (corr)"]
[EventRounds "10"]
[EventCountry "GER"]
[SourceTitle "Corr 2022"]
[Source "ChessBase"]
[SourceDate "2021.10.24"]
[SourceVersion "1"]
[SourceVersionDate "2021.10.24"]
[SourceQuality "1"]

1. e4 e5 2. f4 d5 3. exd5 exf4 4. Nf3 Nf6 5. c4 c6 6. Nc3 cxd5 7. cxd5 Nxd5 8. Bc4 Be6 9. Qb3 Nc7 10. 0-0 Bd6 11. d4 0-0 12. Bxe6 Nxe6 13. Qxb7 Nd7 14. Qa6 Nf6 15. Bd2 Rb8 16. Qxa7 g5 17. Rab1 Ra8 18. Qb7 Nxd4 19. Nxd4 Bc5 20. Kh1 Qxd4 21. Be1 Qc4 22. Qf3 Bd4 23. b3 Qe6 24. Rd1 Rad8 25. Bd2 Qf5 26. Be1 Rfe8 27. Ne2 Be5 28. Rxd8 Rxd8 29. Ng1 g4 30. Qe2 Ne4 31. g3 f3 32. Nxf3 gxf3 33. Rxf3 Qg6 34. Re3 Qc6 35. Qg2 Rd4 36. g4 Bf4 0-1

[Event "BI-2016-F-0000"]
[Site "LSS email"]
[Date "2016.02.14"]
[Round "?"]
[White "Vujadinovic, Milan"]
[Black "Neumann, Ulrich"]
[Result "1-0"]
[WhiteElo "1961"]
[BlackElo "1810"]
[PlyCount "79"]
[EventDate "2016.02.20"]
[EventType "tourn (corr)"]
[EventRounds "10"]
[EventCountry "GER"]
[SourceTitle "Corr 2022"]
[Source "ChessBase"]
[SourceDate "2021.10.24"]
[SourceVersion "1"]
[SourceVersionDate "2021.10.24"]
[SourceQuality "1"]

1. e4 g6 2. d4 d6 3. Nc3 Bg7 4. f4 a6 5. Nf3 b5 6. Bd3 Nd7 7. e5 c5 8. Be4 Rb8 9. 0-0 b4 10. Na4 Qc7 11. dxc5 Nxc5 12. Nxc5 Qxc5+ 13. Qd4 Qxd4+ 14. Nxd4 Bd7 15. Nf3 Bb5 16. Re1 dxe5 17. fxe5 f5 18. Bd5 Rc8 19. Nd4 Bd7 20. a3 Rc5 21. Bb3 Rxe5 22. Rxe5 Bxe5 23. Nf3 Bf6 24. axb4 Bc8 25. Bc4 e5 26. Bxa6 Bxa6 27. Rxa6 e4 28. Ng5 h6 29. Ne6 Rh7 30. Kf1 Rd7 31. Ke2 Kf7 32. Nc5 Rc7 33. Bf4 Rc8 34. c3 Be7 35. Nd7 g5 36. Be3 Ke8 37. Ne5 f4 38. Bd4 Nf6 39. Re6 Nd5 40. Rxh6 1-0

[Event "SB-2016-0-00438"]
[Site "LSS email"]
[Date "2016.01.20"]
[Round "?"]
[White "Buczinski, Henryk"]
[Black "Vujadinovic, Milan"]
[Result "1/2-1/2"]
[WhiteElo "2118"]
[BlackElo "1970"]
[PlyCount "92"]
[EventDate "2015.12.13"]
[EventType "tourn (corr)"]
[EventRounds "6"]
[EventCountry "GER"]
[SourceTitle "Corr 2022"]
[Source "ChessBase"]
[SourceDate "2021.10.24"]
[SourceVersion "1"]
[SourceVersionDate "2021.10.24"]
[SourceQuality "1"]

1. Nf3 d5 2. d4 Nf6 3. c4 c6 4. Nc3 e6 5. Bg5 dxc4 6. e4 b5 7. e5 h6 8. Bh4 g5 9. Nxg5 hxg5 10. Bxg5 Nbd7 11. exf6 Bb7 12. g3 c5 13. d5 Qb6 14. Bg2 0-0-0 15. 0-0 b4 16. Na4 Qb5 17. a3 Nb8 18. axb4 cxb4 19. Qg4 Bxd5 20. Rfc1 Nc6 21. Bxd5 Rxd5 22. Rxc4 Rxg5 23. Qd4 Kb8 24. Rxc6 Rxg3+ 25. fxg3 Qxc6 26. Rd1 Qc7 27. Qd2 a5 28. Qd4 b3 29. Qd7 Bb4 30. Qb5+ Qb7 31. Qe5+ Qc7 32. Qxc7+ Kxc7 33. Rc1+ Kd6 34. h4 e5 35. Nc3 Bxc3 36. Rxc3 a4 37. Kf2 Rb8 38. Rc1 Ke6 39. Rc6+ Kf5 40. Ra6 Rc8 41. Rxa4 Rc2+ 42. Ke3 Rxb2 43. Rb4 Kxf6 44. g4 Rh2 45. Rb6+ Kg7 46. Ke4 Rxh4 1/2-1/2

[Event "SB-2016-0-00438"]
[Site "LSS email"]
[Date "2016.01.20"]
[Round "?"]
[White "Vujadinovic, Milan"]
[Black "Kele, Karoly"]
[Result "1/2-1/2"]
[WhiteElo "1970"]
[BlackElo "2066"]
[PlyCount "61"]
[EventDate "2015.12.13"]
[EventType "tourn (corr)"]
[EventRounds "6"]
[EventCountry "GER"]
[SourceTitle "Corr 2022"]
[Source "ChessBase"]
[SourceDate "2021.10.24"]
[SourceVersion "1"]
[SourceVersionDate "2021.10.24"]
[SourceQuality "1"]

1. e4 c5 2. Nf3 d6 3. Bb5+ Bd7 4. Bxd7+ Qxd7 5. c4 Nf6 6. Nc3 Nc6 7. d4 cxd4 8. Nxd4 g6 9. b3 Bg7 10. Bb2 0-0 11. 0-0 Rfd8 12. Re1 e6 13. Nxc6 Qxc6 14. Qe2 a6 15. Rac1 Rac8 16. Kh1 Nd7 17. Qd2 Nc5 18. f3 Qc7 19. Nd1 Bxb2 20. Nxb2 b6 21. Red1 Qc6 22. Qe3 Nd7 23. Na4 Qc7 24. g3 Qb8 25. Kg2 b5 26. Nb2 Ne5 27. Qd4 Nc6 28. Qd2 Ne5 29. Qd4 Nc6 30. Qd2 Ne5 31. Qd4 1/2-1/2

[Event "CP-2015-P-00044"]
[Site "LSS email"]
[Date "2015.09.28"]
[Round "?"]
[White "Vujadinovic, Milan"]
[Black "Lombardi, Donato"]
[Result "1-0"]
[WhiteElo "1976"]
[BlackElo "820"]
[PlyCount "83"]
[EventDate "2015.10.01"]
[EventType "tourn (corr)"]
[EventRounds "6"]
[EventCountry "GER"]
[SourceTitle "Corr 2022"]
[Source "ChessBase"]
[SourceDate "2021.10.24"]
[SourceVersion "1"]
[SourceVersionDate "2021.10.24"]
[SourceQuality "1"]

1. c4 c5 2. Nc3 Nc6 3. g3 g6 4. Bg2 Bg7 5. a3 e6 6. Rb1 Nge7 7. b4 cxb4 8. axb4 a6 9. b5 axb5 10. Nxb5 0-0 11. Nf3 d5 12. cxd5 Nxd5 13. Qb3 Bd7 14. 0-0 Na5 15. Qd3 Bc6 16. Bb2 Nb4 17. Qxd8 Raxd8 18. Bxg7 Kxg7 19. Rxb4 Bxb5 20. Rxb5 Nc4 21. d3 Nd6 22. Rb4 b5 23. Rfb1 f6 24. Nd4 Rfe8 25. Nxb5 Nxb5 26. Rxb5 Re7 27. Rb7 Rdd7 28. Rxd7 Rxd7 29. Rb7 Rxb7 30. Bxb7 f5 31. f4 Kf6 32. Kf2 e5 33. Ke3 h6 34. h4 exf4+ 35. gxf4 g5 36. hxg5+ hxg5 37. fxg5+ Kxg5 38. Kf3 f4 39. Be4 Kf6 40. Kxf4 Ke6 41. Bf5+ Kf6 42. e4 1-0

[Event "BI-2015-P-0000"]
[Site "LSS email"]
[Date "2015.04.16"]
[Round "?"]
[White "Koronowski, Heinz Juergen"]
[Black "Vujadinovic, Milan"]
[Result "1-0"]
[WhiteElo "2025"]
[BlackElo "2093"]
[PlyCount "101"]
[EventDate "2015.04.22"]
[EventType "tourn (corr)"]
[EventRounds "10"]
[EventCountry "GER"]
[SourceTitle "Corr 2022"]
[Source "ChessBase"]
[SourceDate "2021.10.24"]
[SourceVersion "1"]
[SourceVersionDate "2021.10.24"]
[SourceQuality "1"]

1. e4 g6 2. d4 Bg7 3. Nf3 d6 4. Nc3 a6 5. Be2 b5 6. 0-0 Bb7 7. Re1 Nd7 8. Bg5 h6 9. Bh4 b4 10. Nd5 g5 11. Bg3 e6 12. Nxb4 a5 13. Nd3 Bxe4 14. Nd2 Bg6 15. Bf3 Rb8 16. Nb3 Ne7 17. Nxa5 Bxd4 18. c3 Bf6 19. Nb4 Rxb4 20. cxb4 Bxb2 21. Nc6 Nxc6 22. Bxc6 Bxa1 23. Qxa1 0-0 24. a4 Nb8 25. Bb5 c6 26. Bf1 e5 27. a5 Qc7 28. Qc3 f6 29. b5 c5 30. b6 Qc6 31. Ra1 Nd7 32. Qb3+ Bf7 33. Bb5 Qb7 34. Qd3 Nxb6 35. axb6 Qxb6 36. Ra6 Qb7 37. Rxd6 Rb8 38. Bc6 Qb1+ 39. Qd1 Kg7 40. f3 Bg6 41. Be1 Qxd1 42. Rxd1 Rb1 43. Rxb1 Bxb1 44. Bd5 Bd3 45. Be4 Be2 46. Kf2 Bc4 47. Ke3 h5 48. Ba5 Be6 49. Bc7 Kf7 50. Bd6 c4 51. Kd2 1-0

[Event "BI-2015-P-0000"]
[Site "LSS email"]
[Date "2015.04.16"]
[Round "?"]
[White "Micu, Sorin"]
[Black "Vujadinovic, Milan"]
[Result "0-1"]
[WhiteElo "1329"]
[BlackElo "2093"]
[PlyCount "32"]
[EventDate "2015.04.22"]
[EventType "tourn (corr)"]
[EventRounds "10"]
[EventCountry "GER"]
[SourceTitle "Corr 2022"]
[Source "ChessBase"]
[SourceDate "2021.10.24"]
[SourceVersion "1"]
[SourceVersionDate "2021.10.24"]
[SourceQuality "1"]

1. e4 g6 2. d4 Bg7 3. Nf3 d6 4. c4 e5 5. d5 f5 6. Nc3 Nf6 7. Bd3 0-0 8. 0-0 Na6 9. Nd2 f4 10. a3 Nc5 11. Bc2 a5 12. Nb3 f3 13. Nxc5 fxg2 14. Re1 Ng4 15. f3 Qh4 16. fxg4 Qf2# 0-1

[Event "BI-2015-P-0000"]
[Site "LSS email"]
[Date "2015.04.16"]
[Round "?"]
[White "Vujadinovic, Milan"]
[Black "Csoma, Balint"]
[Result "1-0"]
[WhiteElo "2093"]
[BlackElo "1074"]
[PlyCount "33"]
[EventDate "2015.04.22"]
[EventType "tourn (corr)"]
[EventRounds "10"]
[EventCountry "GER"]
[SourceTitle "Corr 2022"]
[Source "ChessBase"]
[SourceDate "2021.10.24"]
[SourceVersion "1"]
[SourceVersionDate "2021.10.24"]
[SourceQuality "1"]

1. d4 d5 2. c4 c6 3. Nc3 Nf6 4. e3 e6 5. Nf3 Bd6 6. Bd3 0-0 7. 0-0 Nbd7 8. e4 dxe4 9. Nxe4 Nxe4 10. Bxe4 Nf6 11. Bc2 Qc7 12. Bg5 Be7 13. Qd3 g6 14. Ne5 Rd8 15. Qf3 Rxd4 16. Bxf6 Bxf6 17. Qxf6 1-0

[Event "BI-2015-P-0000"]
[Site "LSS email"]
[Date "2015.04.16"]
[Round "?"]
[White "Vujadinovic, Milan"]
[Black "Loktaev, Val"]
[Result "1/2-1/2"]
[WhiteElo "2093"]
[BlackElo "1725"]
[PlyCount "45"]
[EventDate "2015.04.22"]
[EventType "tourn (corr)"]
[EventRounds "10"]
[EventCountry "GER"]
[SourceTitle "Corr 2022"]
[Source "ChessBase"]
[SourceDate "2021.10.24"]
[SourceVersion "1"]
[SourceVersionDate "2021.10.24"]
[SourceQuality "1"]

1. d4 Nf6 2. c4 e6 3. Nc3 d5 4. Nf3 Be7 5. Bf4 0-0 6. e3 Nbd7 7. Be2 dxc4 8. 0-0 Nh5 9. Bxc4 Nxf4 10. exf4 a6 11. Rc1 b5 12. Bd3 Nf6 13. Ne5 Bb7 14. a4 b4 15. Ne2 Qd5 16. f3 Rac8 17. f5 c5 18. Bc4 Qd6 19. fxe6 fxe6 20. f4 Nd5 21. dxc5 Qxc5+ 22. Kh1 Qd6 23. b3 1/2-1/2

[Event "BI-2015-P-0000"]
[Site "LSS email"]
[Date "2015.04.16"]
[Round "?"]
[White "Vujadinovic, Milan"]
[Black "Pech, Matej"]
[Result "1-0"]
[WhiteElo "2093"]
[BlackElo "1433"]
[PlyCount "37"]
[EventDate "2015.04.22"]
[EventType "tourn (corr)"]
[EventRounds "10"]
[EventCountry "GER"]
[SourceTitle "Corr 2022"]
[Source "ChessBase"]
[SourceDate "2021.10.24"]
[SourceVersion "1"]
[SourceVersionDate "2021.10.24"]
[SourceQuality "1"]

1. d4 Nf6 2. c4 e6 3. Nc3 Bb4 4. e3 0-0 5. Nge2 d5 6. a3 Be7 7. cxd5 exd5 8. Nf4 c6 9. Bd3 Bd6 10. 0-0 Re8 11. f3 Qc7 12. Qd2 Bxf4 13. exf4 b6 14. Re1 Rxe1+ 15. Qxe1 Ba6 16. Bc2 h6 17. Qe5 Qd8 18. f5 c5 19. Be3 1-0

[Event "LSS No Engine Cup 115 Final"]
[Site "LSS email"]
[Date "2015.03.09"]
[Round "?"]
[White "Korinek, Jaroslav"]
[Black "Vujadinovic, Milan"]
[Result "1/2-1/2"]
[WhiteElo "2034"]
[BlackElo "1874"]
[PlyCount "38"]
[EventDate "2015.03.10"]
[EventType "tourn (corr)"]
[EventRounds "6"]
[EventCountry "GER"]
[SourceTitle "Corr 2022"]
[Source "ChessBase"]
[SourceDate "2021.10.24"]
[SourceVersion "1"]
[SourceVersionDate "2021.10.24"]
[SourceQuality "1"]

1. d4 e6 2. c4 Bb4+ 3. Nc3 c5 4. e3 Nc6 5. Nf3 Bxc3+ 6. bxc3 d6 7. Bd3 e5 8. d5 Nce7 9. Nd2 Nf6 10. a4 0-0 11. a5 Bf5 12. e4 Bd7 13. 0-0 Ng6 14. Nb3 h6 15. f3 Nh5 16. g3 Nf6 17. Be3 Nh7 18. Qe2 Qe7 19. Nd2 Rfb8 1/2-1/2

[Event "BI-2015-F-0000"]
[Site "LSS email"]
[Date "2015.02.12"]
[Round "?"]
[White "Fernandez, Javier Horacio"]
[Black "Vujadinovic, Milan"]
[Result "1-0"]
[WhiteElo "2317"]
[BlackElo "2109"]
[PlyCount "95"]
[EventDate "2015.02.11"]
[EventType "tourn (corr)"]
[EventRounds "10"]
[EventCountry "GER"]
[SourceTitle "Corr 2022"]
[Source "ChessBase"]
[SourceDate "2021.10.24"]
[SourceVersion "1"]
[SourceVersionDate "2021.10.24"]
[SourceQuality "1"]

1. e4 e6 2. d3 d5 3. Nd2 Nf6 4. Ngf3 c5 5. g3 Nc6 6. Bg2 Be7 7. 0-0 0-0 8. e5 Nd7 9. Re1 Qc7 10. Qe2 b5 11. Nf1 a5 12. Bf4 Ba6 13. h4 Rfc8 14. Ne3 Qd8 15. Rac1 b4 16. c4 bxc3 17. bxc3 Nf8 18. c4 dxc4 19. Nxc4 Bxc4 20. dxc4 Rab8 21. Red1 Qb6 22. Qe4 Qb4 23. Bf1 Qa4 24. Ra1 Rd8 25. Be2 Nb4 26. Kg2 h6 27. Bd2 Qa3 28. Bc1 Qa4 29. Rxd8 Rxd8 30. Bb2 Rd7 31. Kg1 Rd8 32. Kf1 Rd7 33. a3 Nc2 34. Rc1 Nxa3 35. Bd3 Qb3 36. Bc3 f5 37. exf6 Bxf6 38. Nd2 Qb6 39. Qe3 Bd4 40. Qe2 a4 41. Kg2 Qb7+ 42. Be4 Qb6 43. Nf3 Bxc3 44. Rxc3 Qb4 45. Rc1 Rd8 46. Bd3 Rb8 47. Ne5 Qb2 48. Qe3 1-0